| 000 | 00394nam a2200145 a 4500 | ||
|---|---|---|---|
| 001 | 605 | ||
| 003 | CDMR | ||
| 005 | 20130116135156.0 | ||
| 008 | 130130s1989||||||||||||||||||||||||||||d | ||
| 040 |
_aCDMR _bcat _cCPC LLEIDA |
||
| 100 | 1 |
_aGraus Forcén, Julià _9452 |
|
| 245 | 1 | 0 |
_aCrònica de la Lleida Franquista 1938-1975 _cGRAUS FORCÉN, Julià |
| 260 |
_aLleida _c1989 _bVirgili&Pagès |
||
| 942 | _cMON | ||
| 999 |
_c605 _d605 |
||